ASOIAF - Riverland House Sigils - Statistics

General Stats
  • This quiz has been taken 343 times
  • The average score is 21 of 41
Answer Stats
Hint Answer % Correct
Trout Tully
100%
Ravens on a weirwood Blackwood
98%
Twin towers Frey
98%
Rearing stallion Bracken
97%
Nine bats Whent
87%
Eagle Mallister
86%
Ploughman Darry
82%
Maiden Piper
81%
Red trout Mooton
77%
Six acorns Smallwood
70%
Blue, red and green stripe on white Strong
70%
Ship, tree, raven, grapes, chains Hoare
65%
Dragons and towers Vance
60%
Crown Mudd
57%
Bat Lothston
55%
Bleeding spear Slynt
55%
Weeping willow Ryger
52%
Four skulls Qoherys
50%
Five towers Towers
49%
Black and orange castle Harroway
48%
Scales Justman
46%
Twin snakes Paege
46%
Green, gold and white waves Butterwell
42%
Catfish Fisher
42%
Heron Erenford
38%
Pitchfork Haigh
36%
Toad Vypren
35%
Four wagon wheels Wayn
35%
Green and brown leaves Blanetree
33%
Taloned foot Lychester
32%
Three swallows Grell
28%
Trident Teague
28%
Hooks and fish checked Keath
27%
Three barrels Lolliston
27%
Three mistletoe sprigs Charlton
23%
Two-ended horse Roote
23%
Three hedgehogs Wode
23%
White catfish Shawney
21%
Blue wavy sash on gold Goodbrook
20%
Seabirds Hawick
18%
Four eagle heads Terrick
18%
No matching quizzes found
Score Distribution
Percent of People with Each Score
Percentile by Number Answered
Your Score History
You have not taken this quiz